Windows 8 : manual de usuario /
Guardado en:
| Autor Principal: | |
|---|---|
| Formato: | Libro |
| Publicado: |
Buenos Aires :
Fox Andina,
2013
|
| Series: | Manual Users ; 242
|
| Materias: | |
| Etiquetas: |
Agregar Etiqueta
Sin Etiquetas, Sea el primero en etiquetar este registro!
|
| LEADER | 00599nam a22002055a 4500 | ||
|---|---|---|---|
| 001 | CEM.cems014717 | ||
| 008 | 130507s2013##################000#0#####d | ||
| 005 | 20210805161126.0 | ||
| 003 | CEMS | ||
| 245 | 1 | 0 | |a Windows 8 : |b manual de usuario / |c Claudio Alejandro Peña Millahual |
| 260 | |a Buenos Aires : |b Fox Andina, |c 2013 | ||
| 300 | |a 320 p. | ||
| 490 | 0 | |a Manual Users ; 242 | |
| 590 | |a 1311.016 | ||
| 020 | |a 9789871949090 | ||
| 100 | 1 | |a Peña Millahual, Claudio Alejandro | |
| 653 | |a Informática | ||
| 653 | |a Windows | ||
| 653 | |a Biblioteca TC | ||
| 859 | |a CEMS |b BIB. CEMS - 11 de abril |h TC |p 1311.016 |t Ej.1 | ||
